00442nam a2200133Ia 4500008004100000020001800041050002300059100002800082245009100110260005700201300002100258500002000279521000900299140529s9999 xx 000 0 und d a9789712356377 aHF 5686b.H83 2010 aHugo-Makapilit, Cecilia aPartnership and corporation accounting and their legal bases /cCecilia Hugo-Makapilit aManila, Philippines :bRex Book Store, Inc.,cc2010. a219 p. ;c26 cm. aIncludes index. aBSBA